Les joueurs avec le meilleur ratio de passes clés par match. - Statistiques

Statistiques générales
  • Ce quiz a été pris 76 fois
  • Le résultat moyen est 4 sur 10
Statistiques - réponses
Nationalté Joueurs Passes clés
par match
Passes clés Matchs % Correct
Belgique Kevin De Bruyne 2.89 1455 504
100%
Argentine Lionel Messi 2.30 1519 660
82%
Brésil Neymar 2.56 863 337
79%
Allemagne Mesut Ozil 2.83 1289 456
46%
Portugal Bruno Fernandes 2.37 1247 527
39%
Italie Andrea Pirlo 2.28 662 290
31%
France Dimitri Payet 2.59 1392 537
28%
Pays-bas Wesley Sneijder 2.47 558 226
24%
France Mathieu Valbuena 2.36 905 384
9%
France Teji Savanier 2.29 436 190
1%
Aucun quiz correspondant
Distribution des résultats
% des personnes avec chaque résultat
Percentile par nombre de réponses
Votre historique - résultats
Vous n’avez pas pris ce quiz